Исследование возможности создания ядерной батарейки на арсениде галлия; Сборник тезисов лауреатов Всероссийского конкурса научно-исследовательских работ студентов и аспирантов в области физических наук в рамках всероссийского фестиваля науки

Бібліографічні деталі
Parent link:Сборник тезисов лауреатов Всероссийского конкурса научно-исследовательских работ студентов и аспирантов в области физических наук в рамках всероссийского фестиваля науки.— 2011.— С. 249
Автор: Прокопьев Д. Г.
Мова:Російська
Опубліковано: 2011
Предмети:
Формат: MixedMaterials Частина з книги
KOHA link:https://koha.lib.tpu.ru/cgi-bin/koha/opac-detail.pl?biblionumber=244314

MARC

LEADER 00000naa2a2200000 4500
001 244314
005 20231031210822.0
035 |a (RuTPU)RU\TPU\book\265697 
035 |a RU\TPU\book\265696 
090 |a 244314 
100 |a 20131020d2011 k y0rusy50 ca 
101 0 |a rus 
102 |a RU 
200 1 |a Исследование возможности создания ядерной батарейки на арсениде галлия  |f Д. Г. Прокопьев 
463 0 |0 (RuTPU)RU\TPU\book\250354  |t Сборник тезисов лауреатов Всероссийского конкурса научно-исследовательских работ студентов и аспирантов в области физических наук в рамках всероссийского фестиваля науки  |o г. Томск, 25 мая-5 сентября 2011 г.  |f Национальный исследовательский Томский политехнический университет (ТПУ) ; под ред. В. П. Кривобокова, А. П. Потылицына, А. С. Гоголева, К. А. Козина  |v С. 249  |d 2011  |p 252 с. 
610 1 |a труды учёных ТПУ 
610 1 |a ядерные батарейки 
610 1 |a разработка 
610 1 |a исследование 
610 1 |a питание 
610 1 |a арсенид галлия 
610 1 |a новые решения 
610 1 |a источники 
700 1 |a Прокопьев  |b Д. Г. 
801 1 |a RU  |b 63413507  |c 20131014 
801 2 |a RU  |b 63413507  |c 20160914  |g RCR 
942 |c BK